Titles of the head of State of Burkina Faso - Statistics

General Stats
  • This quiz has been taken 5 times
  • The average score is 6 of 10
Answer Stats
Timeframe Title % Correct
1960-1980 President of the Republic
100%
1991–2014 President of the Republic
100%
2015– President of the Republic
100%
1982–1983 Head of State
67%
2022- President of the Patriotic Movement for Safeguard and Restoration
67%
2015 Chairman of National Council for Democracy
33%
1983–1987 Chairman of National Revolutionary Council and Head of State
33%
1982 Chairman of Provisional Committee of Popular Salvation
33%
1980–1982 President of Military Committee of Recovery for National Progress
33%
1987–1991 President of Popular Front and Head of State
33%
No matching quizzes found
Score Distribution
Percent of People with Each Score
Percentile by Number Answered
Your Score History
You have not taken this quiz